| 000 | 00455nam a2200157Ia 4500 | ||
|---|---|---|---|
| 003 | GCL | ||
| 008 | 140319s9999 xx 000 0 eng d | ||
| 040 |
_aGCL / _cGCL |
||
| 082 | 0 | 4 |
_a621.38150285 _bB E |
| 100 | 1 | _aBERUBE, R.H. | |
| 245 | 1 | 0 |
_aElectronic Devices and Circuits Using Micro_Cap III / _cBERUBE, R.H. |
| 260 |
_a[S.N] : _bMACMILLAN PUBLBISHING COMPANY ، _c1992 |
||
| 300 | _a278 PP. | ||
| 650 | 0 | 4 | _aELECTRONIC CIRUIT DESIGN |
| 942 |
_2ddc _cBK |
||
| 999 |
_c19709 _d19709 |
||